00673nam a2200241 a 4500001001300000003000900013005001700022008004100039020000900080082001800089100002300107245003400130260003900164300000900203500003500212505001000247650002300257700002300280902000800303942000700311952009800318999001500416nice12345678IN_TiNIC20260116012622.0050524s1903 boma grp 000 0 eng  ac4500a297.822bDUM1 aDumasia, Naoroji M aBrief History of the Aga Khan aBombaybTimes of India Pressc1903 a221p aincludes index and biblioraphy2 aIndex aAga Khan-Biography1 aDumasia, Naoroji M bSRS cBK 00104070aHMIbHMId2007-06-29g45.00l0o297.822 DUM1p013209r2007-06-29w2026-01-16yEB c7695d7695